Коррекция скоростного закона по данным непродольного вертикального сейсмического профилирования; Известия Томского политехнического университета [Известия ТПУ]; Т. 315, № 5: Управление, вычислительная техника и информатика
| Parent link: | Известия Томского политехнического университета [Известия ТПУ]/ Томский политехнический университет (ТПУ).— , 2000- Т. 315, № 5: Управление, вычислительная техника и информатика.— 2009.— [С. 53-57] |
|---|---|
| Hlavní autor: | |
| Další autoři: | |
| Shrnutí: | Заглавие с титульного листа Электронная версия печатной публикации Предложен алгоритм коррекции скоростного закона по данным непродольного вертикального сейсмического профилирования. Рассмотрены модели ошибок в определении статических поправок, показано, что данный алгоритм позволяет минимизировать влияние погрешности определения статических поправок и тем самым повысить точность оценки интервальных скоростей. |
| Jazyk: | ruština |
| Vydáno: |
2009
|
| Edice: | Управление, вычислительная техника и информатика |
| Témata: | |
| On-line přístup: | http://www.lib.tpu.ru/fulltext/v/Bulletin_TPU/2009/v315/i5/10.pdf |
| Médium: | MixedMaterials Elektronický zdroj Kapitola |
| KOHA link: | https://koha.lib.tpu.ru/cgi-bin/koha/opac-detail.pl?biblionumber=177398 |
MARC
| LEADER | 00000nla2a2200000 4500 | ||
|---|---|---|---|
| 001 | 177398 | ||
| 005 | 20231031165623.0 | ||
| 035 | |a (RuTPU)RU\TPU\book\192312 | ||
| 035 | |a RU\TPU\book\192311 | ||
| 090 | |a 177398 | ||
| 100 | |a 20100316d2009 k y0rusy50 ca | ||
| 101 | 0 | |a rus | |
| 102 | |a RU | ||
| 135 | |a drnn ---uucaa | ||
| 181 | 0 | |a i | |
| 182 | 0 | |a b | |
| 200 | 1 | |a Коррекция скоростного закона по данным непродольного вертикального сейсмического профилирования |b Электронный ресурс |f Д. Ю. Степанов, М. С. Речкин | |
| 203 | |a Текст |c электронный | ||
| 215 | |a 1 файл (473 Кб) | ||
| 225 | 1 | |a Управление, вычислительная техника и информатика | |
| 230 | |a Электронные текстовые данные (1 файл : 473 Кб) | ||
| 300 | |a Заглавие с титульного листа | ||
| 300 | |a Электронная версия печатной публикации | ||
| 320 | |a [Библиогр.: с. 57 (3 назв.)] | ||
| 330 | |a Предложен алгоритм коррекции скоростного закона по данным непродольного вертикального сейсмического профилирования. Рассмотрены модели ошибок в определении статических поправок, показано, что данный алгоритм позволяет минимизировать влияние погрешности определения статических поправок и тем самым повысить точность оценки интервальных скоростей. | ||
| 337 | |a Adobe Reader | ||
| 461 | 1 | |0 (RuTPU)RU\TPU\book\176237 |t Известия Томского политехнического университета [Известия ТПУ] |f Томский политехнический университет (ТПУ) |d 2000- | |
| 463 | 1 | |0 (RuTPU)RU\TPU\book\192268 |x 1684-8519 |t Т. 315, № 5: Управление, вычислительная техника и информатика |v [С. 53-57] |d 2009 |p 212 с. | |
| 610 | 1 | |a сейсмическое профилирование | |
| 610 | 1 | |a интервальные скорости | |
| 610 | 1 | |a статическая поправка | |
| 610 | 1 | |a труды учёных ТПУ | |
| 610 | 1 | |a электронный ресурс | |
| 700 | 1 | |a Степанов |b Д. Ю. |c доцент каф. прикладной математики (ПМ) АВТФ, ТПУ |c кандидат технических наук |f 1971- |g Дмитрий Юрьевич |2 stltpush |3 (RuTPU)RU\TPU\pers\25950 | |
| 701 | 1 | |a Речкин |b М. С. |c магистрант каф. прикладной математики (ПМ) АВТФ, ТПУ |f 1988- |g Максим Сергеевич |2 stltpush |3 (RuTPU)RU\TPU\pers\25945 | |
| 801 | 1 | |a RU |b 63413507 |c 20090623 |g PSBO | |
| 801 | 2 | |a RU |b 63413507 |c 20211216 |g PSBO | |
| 856 | 4 | |u http://www.lib.tpu.ru/fulltext/v/Bulletin_TPU/2009/v315/i5/10.pdf | |
| 942 | |c CF | ||